| 000 | 00464pab a2200169 454500 | ||
|---|---|---|---|
| 008 | 180718b2010 xxu||||| |||| 00| 0 eng d | ||
| 100 | _aNarayana K.S. | ||
| 245 | _aPanchayati raj and rural development: retrospection of ancient system of village panchayats and present form of PRIS | ||
| 260 | _c2010 | ||
| 300 | _ap.27-29. | ||
| 362 | _aOct | ||
| 650 | _aRural development | ||
| 650 | _aPanchayat | ||
| 773 | _aKurukshetra | ||
| 908 | _aN | ||
| 909 | _a87996 | ||
| 999 |
_c87996 _d87996 |
||